书目信息 |
| 书名: | A land to die for | |
| 作者: | Binka LeBreton. | |
| 分册号: | ||
| 分册名: | 出版地: | Atlanta, GA : |
|
| 出版社: | Clarity Press | |
| 出版时间: | 1997. | |
| 页数: | 148 p. ; | |
| 开本: | 20cm. | |
| 丛书名: | ||
| 中图分类号: | ||
| 科图分类号: | ||
| 其他分类号: | K777 | |
| 主题词: | ||
| 电子资源: | ||
| 000 | 00512nam a22001935a 450 | |
| 001 | E0740022367 | |
| 005 | 20070323112449.10 | |
| 008 | 970728s1997 gau 000 0 eng | |
| 010 | @a97066910 | |
| 020 | @a0932863248 (pbk.) :@cUSD12.95. | |
| 035 | @A(DLC) 97066910 | |
| 040 | @aDLC@cDLC | |
| 050 | 00 | @a9709 BOOK NOT YET IN LC |
| 090 | @aK777 | |
| 099 | @dK777@ex2 | |
| 100 | 1 | @aLeBreton, Binka. |
| 245 | 12 | @aA land to die for / @cBinka LeBreton. |
| 260 | @aAtlanta, GA :@bClarity Press,@c1997. | |
| 300 | @a148 p. ;@c20cm. | |
| A land to die for / / Binka LeBreton.-Atlanta, GA : : Clarity Press, , 1997. |
| 148 p. ; ; 20cm. |
| ISBN 0932863248 (pbk.) :USD12.95. |
| ● |
| 相关链接 |
|
|
|
|
正题名:land to die for
索取号:K777/x2
 
预约/预借
| 序号 | 登录号 | 条形码 | 馆藏地/架位号 | 状态 | 备注 |
| 1 | 0003610 | 300036100 | 第二样本阅览室/ [索取号:K777/x2] | 在馆 | |
| 2 | 0003611 | 300036119 | 第四借阅区/ [索取号:K777/x2] | 在馆 | |
| 3 | 0003612 | 300036128 | 第四借阅区/ [索取号:K777/x2] | 在馆 | |
| 4 | 0003613 | 300036137 | 第四借阅区/ [索取号:K777/x2] | 在馆 |